000 00796nas a2200277 4500
001 BR0705189
003 BR-BrBNA
005 20231205111142.0
007 ta
008 230509b bl.|||p| |||| 00| 00por d
040 _aBR-BrBNA
_bpor
_cBiblioteca Nacional de Agricultura
041 _a(Pt)
072 _aL02
100 1 _aMelo, U.P. de
100 1 _aPalhares, M.S.
100 1 _aFerreira, C.
100 1 _aOliveira, J. de
245 1 _aNutrição enteral no eqüino doente
_bSuplemento Técnico
650 _aEQUINO
650 _aALIMENTAÇÃO SUPLEMENTAR
650 _aNUTRIÇÃO ANIMAL
650 _aDIETA
773 0 _tRevista CFMV (Brazil)
_xISSN 1517-6959
_g(Set-Dec 2006), v. 12(39) p. 52-63
_wBR0705189
909 _a202311
_bLúcia
_c55
_dLúcia Elande
942 _2AGRIS
_n0
_cANA
999 _c190981
_d190981